000 00446nam a2200133Ia 4500
008 220214s9999 xx 000 0 und d
100 _aMetson A J
245 0 _aMethods for the determination of total sulphur in soils, and a proposed wet oxidation procedure using nitric, perchloric and phosphoric acids
260 _bNew Zealand Journal of Science
_c1976
300 _a223-235
650 _aWet oxidation
700 _aCollie T W
942 _cRE
999 _c45326
_d45326